عرض عادي
عرض مارك
- C++ (Computer program language)
مدخل مصطلح موضوعي
001 - رقم الضبط
- حقل الضبط: 75049
003 - معرف رقم الضبط
- حقل الضبط: OSt
005 - تاريخ ووقت أخر عملية
- حقل الضبط: 20190822135558.0
008 - عناصر بيانات ثابتة الطول
- حقل تحكم ثابت الطول: 190822|| aca||aabn | a|a d
040 ## - مصدر الفهرسة
- هيئة الفهرسة الأصلية: OSt
- وكالة الكتابة: OSt
150 ## - مدخل-- مصطلح تاريخي
- عنصر مدخل المصطلح الموضوعي او الاسم الجغرافي: C++ (Computer program language)
670 ## - بيانات المصدر موجوده
- الاستشهاد بالمصدر: Work cat.: (OSt)0: Malik, D. S. 75048, C++ programming :
